00505nam a2200181 a 4500001001300000003000900013005001700022008004100039020002300080082001700103100003100120245003000151260004900181300000900230500003500239650001800274700003100292nice12345678IN_TiNIC20260116014900.0130107s2004 dhaa grp 000 0 eng  a8186470352 c12500a951.597bNAD aNadwi, Abu Bakr Amir-Uddin aTibet and Tibetan Muslims aDharamsala bTibetan Works & Archives c2004 a93p  aincludes index and biblioraphy aMuslims-Tibet1 aNadwi, Abu Bakr Amir-Uddin